华北东北各省会下辖县级行政区 County-level divisions of provincial capitals - Statistics

General Stats
  • This quiz has been taken 59 times
  • The average score is 38 of 74
Answer Stats
省会 县区 % Correct
石家庄市 正定县
78%
沈阳市 铁西区
78%
哈尔滨市 道里区
78%
哈尔滨市 道外区
78%
长春市 公主岭市
73%
太原市 小店区
71%
沈阳市 沈北新区
71%
哈尔滨市 呼兰区
71%
沈阳市 皇姑区
68%
石家庄市 新华区
66%
沈阳市 浑南区
66%
石家庄市 藁城区
63%
石家庄市 桥西区
63%
沈阳市 和平区
63%
长春市 朝阳区
63%
石家庄市 裕华区
61%
太原市 杏花岭区
61%
沈阳市 沈河区
61%
长春市 德惠市
61%
哈尔滨市 阿城区
61%
石家庄市 井陉矿区
59%
石家庄市 井陉县
59%
长春市 绿园区
59%
长春市 榆树市
59%
哈尔滨市 南岗区
59%
石家庄市 辛集市
56%
石家庄市 长安区
56%
太原市 尖草坪区
56%
沈阳市 大东区
56%
沈阳市 新民市
56%
哈尔滨市 双城区
56%
哈尔滨市 松北区
56%
哈尔滨市 五常市
56%
太原市 万柏林区
54%
沈阳市 苏家屯区
54%
哈尔滨市 尚志市
54%
哈尔滨市 香坊区
54%
石家庄市 赵县
51%
长春市 二道区
51%
哈尔滨市 宾县
51%
沈阳市 法库县
49%
沈阳市 于洪区
49%
长春市 宽城区
49%
哈尔滨市 平房区
49%
哈尔滨市 依兰县
49%
太原市 晋源区
46%
沈阳市 辽中区
46%
长春市 九台区
46%
石家庄市 鹿泉区
44%
长春市 南关区
44%
哈尔滨市 巴彦县
44%
石家庄市 新乐市
41%
太原市 古交市
41%
长春市 农安县
41%
哈尔滨市 木兰县
41%
石家庄市 晋州市
39%
石家庄市 行唐县
39%
沈阳市 康平县
39%
长春市 双阳区
39%
石家庄市 栾城区
37%
石家庄市 无极县
37%
石家庄市 赞皇县
37%
太原市 清徐县
37%
太原市 娄烦县
34%
太原市 阳曲县
34%
太原市 迎泽区
34%
哈尔滨市 通河县
34%
石家庄市 平山县
32%
石家庄市 元氏县
32%
哈尔滨市 方正县
32%
石家庄市 灵寿县
29%
石家庄市 深泽县
29%
石家庄市 高邑县
27%
哈尔滨市 延寿县
27%
No matching quizzes found
Score Distribution
Percent of People with Each Score
Percentile by Number Answered
Your Score History
You have not taken this quiz